Music Quiz

Random Music or Rap Quiz
Score 0/76 Timer 15:00
0 Plays Today
Real Name Rap Name % Correct
Dwayne Michael Carter Jr.Lil Wayne
77.7%
Aubrey Drake GrahamDrake
75.5%
Kanye Omari WestKanye West
75%
Shawn Corey CarterJay-Z
74.1%
Kendrick Lamar DuckworthKendrick Lamar
72.5%
Marshall Bruce Mathers IIIEminem
71.9%
Curtis James Jackson III50 Cent
69.8%
Sean John CombsP. Diddy
67.6%
André Lauren BenjaminAndre 3000
64.7%
Calvin Broadus Jr. Snoop Dogg
62.6%
Khaled Mohamed KhaledDJ Khaled
61.3%
Jermaine Lamar ColeJ. Cole
60%
Christopher George Latore WallaceNotorious B.I.G
58.8%
Andre Romelle Young Dr. Dre
56.8%
O'Shea JacksonIce Cube
56.3%
Sean Michael AndersonBig Sean
53.2%
Tupac Amaru Shakur Tupac
52.5%
Christopher Brian BridgesLudacris
51.8%
Clifford Joseph Harris Jr.T.I
50.4%
Nasir Bin Olu Dara Jones Nas
50%
Olubowale Victor AkintimehinWale
46%
Radric DavisGucci Mane
44.6%
Joseph Antonio CartagenaFat Joe
43.2%
Bobby Ray Simmons Jr.B.o.B
43.2%
Cornell Iral Haynes Jr.Nelly
42.4%
Tauheed Epps2 Chainz
41.7%
Dequantes Devontay LamarRich Homie Quan
40.3%
Jayceon Terrell Taylor Game
40.3%
Cameron Jibril Thomaz Wiz Khalifa
40.3%
Brian Todd CollinsKid Ink
36%
Scott Ramon Seguro MescudiKid Cudi
35.3%
William Leonard Roberts IIRick Ross
35.3%
Michael Ray Nguyen-StevensonTyga
33.8%
Jeffrey AtkinsJa Rule
33.8%
Jay Wayne Jenkins Young Jeezy
33.1%
Bryan WilliamsBirdman
33.1%
Earl SimmonsDMX
32.5%
Cameron JilesCam'ron
32.4%
Real Name Rap Name % Correct
Nayvadius DeMun WilburnFuture
31.7%
Robert WilliamsMeek Mill
31.7%
Willie Maxwell IIFetty Wap
31.3%
Wasalu Muhammad JacoLupe Fiasco
30.9%
Trevor Tahiem Smith Jr.Busta Rhymes
30.9%
Lonnie Rashid Lynn Jr.Common
30.2%
Antwan André PattonBig Boi
30%
Earl StevensE-40
28.1%
Karim KharbouchFrench Montana
27.5%
Dennis ColesGhostface Killah
27.5%
Tramar Lacel DillardFlo Rida
25.2%
Christopher Charles Lloyd Lloyd Banks
25.2%
Quincy Matthew HanleySchoolboy Q
25%
Brad Terrence JordanScarface
25%
John David JacksonFabolous
24.5%
Jonathan SmithLil Jon
24.5%
Algernod Lanier WashingtonPlies
23.8%
Keenon Daequan Ray JacksonYG
23.8%
Tyrone William Griffin Jr.Ty Dolla $ign
23.8%
Todd Anthony ShawToo $hort
23.8%
Terrence ThorntonPusha T
23.7%
LaRon Louis JamesJuelz Santana
23%
Dijon Isaiah McFarlaneDJ Mustard
22.5%
Joseph Guillermo Jones IIJim Jones
22.3%
Antoine McColisterAce Hood
22.3%
Jason PhillipsJadakiss
22.3%
Juaquin Bertholimule MalphursWaka Flocka
21.6%
Kasseem David DeanSwizz Beatz
21.3%
Corey Quontrell WoodsRaekwon
21.3%
Bernard FreemanBun B
20.9%
Jordan Michael HoustonJuicy J
20%
Mario MimsYo Gotti
19%
Torrence HatchBoosie Badazz
18.8%
Carl Terrell MitchellTwista
18%
Andre Louis HicksMac Dre
0%
Chancellor Johnathan BennettChance The Rapper
0%
Christopher Lee RiosBig Pun
0%
Clifford Smith Jr.Method Man
0%
Remove Ads.
Support Sporcle.
Get the best of Sporcle when you Go Orange. This ad-free experience offers more features, more stats, and more fun while also helping to support Sporcle. Thank you for becoming a member.

You're not logged in!

Compare scores with friends on all Sporcle quizzes.
OR
Log In

Show Comments

Extras

Top Quizzes Today


Score Distribution

Your Account Isn't Verified!

In order to create a playlist on Sporcle, you need to verify the email address you used during registration. Go to your Sporcle Settings to finish the process.

Report this User

Report this user for behavior that violates our Community Guidelines.

Details: